Обеспечение работоспособности частотно-управляемого асинхронного электропривода при низких температурах окружающей среды; Современные техника и технологии; Т. 1

Bibliografiske detaljer
Parent link:Современные техника и технологии: сборник трудов XVII международной научно-практической конференции студентов, аспирантов и молодых ученых, Томск, 18-22 апреля 2011 г/ Национальный исследовательский Томский политехнический университет (ТПУ).— , 2011
Т. 1.— 2011.— [С. 532-533]
Hovedforfatter: Смирнов А. О. Александр Олегович
Andre forfattere: Букреев В. Г. Виктор Григорьевич (научный руководитель)
Summary:Заглавие с титульного экрана
Sprog:russisk
Udgivet: 2011
Serier:Электромеханика
Fag:
Online adgang:http://www.lib.tpu.ru/fulltext/c/2011/C01/V01/265.pdf
Format: MixedMaterials Electronisk Book Chapter
KOHA link:https://koha.lib.tpu.ru/cgi-bin/koha/opac-detail.pl?biblionumber=235426

MARC

LEADER 00000naa2a2200000 4500
001 235426
005 20260316155853.0
035 |a (RuTPU)RU\TPU\book\256562 
035 |a RU\TPU\book\256557 
090 |a 235426 
100 |a 20130409d2011 k y0rusy50 ca 
101 0 |a rus 
102 |a RU 
135 |a drnn ---uucaa 
181 0 |a i  
182 0 |a b 
200 1 |a Обеспечение работоспособности частотно-управляемого асинхронного электропривода при низких температурах окружающей среды  |f А. О. Смирнов  |g науч. рук. В. Г. Букреев 
203 |a Текст  |c электронный 
225 1 |a Электромеханика 
300 |a Заглавие с титульного экрана 
320 |a [Библиогр.: с. 533 (3 назв.)] 
337 |a Adobe Reader 
461 1 |0 (RuTPU)RU\TPU\book\255301  |t Современные техника и технологии  |o сборник трудов XVII международной научно-практической конференции студентов, аспирантов и молодых ученых, Томск, 18-22 апреля 2011 г  |o в 3 т.  |f Национальный исследовательский Томский политехнический университет (ТПУ)  |d 2011 
463 1 |0 (RuTPU)RU\TPU\book\255306  |t Т. 1  |v [С. 532-533]  |d 2011 
610 1 |a труды учёных ТПУ 
610 1 |a электронный ресурс 
610 1 |a работоспособность 
610 1 |a частотное управление 
610 1 |a управляющие машины 
610 1 |a асинхронные электроприводы 
610 1 |a низкие температуры 
610 1 |a окружающая среда 
700 1 |a Смирнов  |b А. О.  |c специалист в области электротехники  |c аспирант Томского политехнического университета  |f 1984-  |g Александр Олегович  |3 (RuTPU)RU\TPU\pers\25906 
702 1 |a Букреев  |b В. Г.  |c специалист в области электротехники  |c профессор Томского политехнического университета, доктор технических наук  |f 1952-  |g Виктор Григорьевич  |4 727 
801 2 |a RU  |b 63413507  |c 20160124  |g RCR 
856 4 |u http://www.lib.tpu.ru/fulltext/c/2011/C01/V01/265.pdf 
942 |c CF